| 000 | 00746nab a2200229 u 4500 | ||
|---|---|---|---|
| 001 | 09417 | ||
| 003 | HDC | ||
| 007 | cr bn ---aaaaa | ||
| 008 | 210201c2009 my dr|nes 0 a eng d | ||
| 040 | _aHDC | ||
| 245 | 0 | _aBe Ready To Pay More For Cuppa | |
| 260 |
_aKuala Lumpur : _b Star Publications (M) Bhd., _c2009 |
||
| 336 |
_atext _2rdacontent |
||
| 337 |
_acomputer _2rdamedia |
||
| 338 |
_aonline resource _2rdacarrier |
||
| 650 |
_aprice increase _99741 |
||
| 650 |
_aSugar subsidy _zMalaysia _99740 |
||
| 856 | _zRequest full-text at [email protected] | ||
| 942 | _2lcc | ||
| 942 | _cNEWS | ||
| 942 | _kNWSC 002474 | ||
| 999 |
_c6740 _d6740 |
||